000 00546nam a22002417a 4500
003 UA-OsUOA
001 31226
007 ta
008 20041207b un ||||| |||| 00| 0 ukr d
100 _aХара Дж.
090 _a929
_bШ49
942 _cBK
040 _aUA-OsUOA
_brus
_cUA-OsUOA
_dUA-OsUOA
245 _aВиктор - прерванная песня
300 _a286 с.
955 _a0
041 _arus
080 _a929
260 _aМосква
_bРадуга
_c1986
044 _aRU
650 7 _2UDC
999 _c317648
_d317648